[Event "Washington Class-ch Masters"]
[Site "Lynnwood"]
[Date "2014.11.28"]
[Round "1"]
[White "Villavieja, Butch"]
[Black "Badamkhand, Norovsambuu"]
[Result "1-0"]
[WhiteElo "2173"]
[BlackElo "1980"]
[PlyCount "87"]
[EventDate "2014.11.28"]
[EventType "swiss"]
[EventRounds "6"]
[EventCountry "USA"]
[SourceTitle "EXT 2017"]
[Source "ChessBase"]
[SourceDate "2016.10.25"]
[SourceVersion "1"]
[SourceVersionDate "2016.10.25"]
[SourceQuality "1"]

1. e4 c6 2. d4 d5 3. exd5 cxd5 4. c4 Nf6 5. Nc3 e6 6. Nf3 Nc6 7. Bf4 dxc4 8. Bxc4 Bb4 9. 0-0 Bxc3 10. bxc3 Nd5 11. Bg5 Nce7 12. Bb5+ Bd7 13. Bxd7+ Qxd7 14. Ne5 Qc7 15. c4 Nb6 16. Bf4 Qd8 17. c5 Nd7 18. Qa4 Nd5 19. Bd2 f6 20. Nc4 0-0 21. Nd6 Qc7 22. Qb3 b6 23. Rfe1 bxc5 24. Rxe6 N7b6 25. dxc5 Qxc5 26. Rc1 Qd4 27. Rd1 Qg4 28. Rde1 Qa4 29. Qg3 Kh8 30. Nf5 Rf7 31. h4 Qd7 32. h5 Nc4 33. Nd6 Nxd6 34. Rxd6 Qf5 35. h6 Rg8 36. Qb3 Rd7 37. hxg7+ Kxg7 38. Rde6 Kh8 39. Re8 Rdg7 40. g3 Nb6 41. Bh6 Rg6 42. Qf7 Qd5 43. Rxg8+ Rxg8 44. Qxf6+ 1-0

[Event "Arlington DC op 2nd"]
[Site "Arlington"]
[Date "2014.06.30"]
[Round "9"]
[White "Badamkhand, Norovsambuu"]
[Black "Nieto, Guillermo Luigui"]
[Result "1/2-1/2"]
[WhiteElo "1986"]
[BlackElo "1982"]
[PlyCount "66"]
[EventDate "2014.06.26"]
[EventType "swiss"]
[EventRounds "9"]
[EventCountry "USA"]
[SourceTitle "CBM 161 Extra"]
[Source "ChessBase"]
[SourceDate "2014.08.29"]
[SourceVersion "1"]
[SourceVersionDate "2014.08.29"]
[SourceQuality "1"]

1. d4 Nf6 2. c4 e6 3. Nc3 Bb4 4. Qc2 0-0 5. Nf3 c5 6. dxc5 Na6 7. g3 Nxc5 8. Bg2 Nce4 9. 0-0 Nxc3 10. bxc3 Be7 11. e4 d6 12. c5 d5 13. exd5 Qxd5 14. c4 Qxc5 15. Be3 Qc7 16. Nd4 Bd7 17. Rab1 Rab8 18. Nb5 Bxb5 19. Rxb5 b6 20. a4 Rbc8 21. Rc1 Nd7 22. a5 Bc5 23. axb6 axb6 24. Bd2 Qd6 25. Bc3 Rc7 26. Rd1 Qe7 27. Qb2 f6 28. Be4 f5 29. Bg2 f4 30. Bd4 fxg3 31. hxg3 Bxd4 32. Qxd4 Rfc8 33. Bf1 Qf6 1/2-1/2

[Event "MGL-ch (Women) 44th"]
[Site "Arvaikheer"]
[Date "2012.04.08"]
[Round "10"]
[White "Bilegjargal, Bayasgalan"]
[Black "Badamkhand, Norovsambuu"]
[Result "0-1"]
[WhiteElo "1886"]
[BlackElo "1891"]
[PlyCount "72"]
[EventDate "2012.04.01"]
[EventType "tourn"]
[EventRounds "13"]
[EventCountry "MGL"]
[SourceTitle "EXT 2013"]
[Source "ChessBase"]
[SourceDate "2012.11.22"]
[SourceVersion "1"]
[SourceVersionDate "2012.11.22"]
[SourceQuality "1"]

1. d4 d5 2. c4 c6 3. Nf3 Nf6 4. e3 e6 5. Nc3 Be7 6. Bd3 dxc4 7. Bxc4 Nbd7 8. 0-0 0-0 9. e4 b6 10. d5 cxd5 11. exd5 exd5 12. Nxd5 Bb7 13. Nxe7+ Qxe7 14. Re1 Qc5 15. b3 Rad8 16. Be3 Qh5 17. Ng5 h6 18. Qxh5 Nxh5 19. Nf3 Bxf3 20. gxf3 Ne5 21. Be2 Nd3 22. Red1 Nhf4 23. Bf1 g5 24. Bxd3 Nxd3 25. Kf1 Rd7 26. Ke2 Rfd8 27. Rd2 Nb4 28. Rad1 Nd5 29. Ke1 f6 30. f4 g4 31. f5 h5 32. Rd4 Kf8 33. h3 gxh3 34. Rh4 Nxe3 35. Rxd7 Ng2+ 36. Kf1 Rxd7 0-1

[Event "MGL-ch (Women) 44th"]
[Site "Arvaikheer"]
[Date "2012.04.04"]
[Round "6"]
[White "Enkhtuul, Altanulzii"]
[Black "Badamkhand, Norovsambuu"]
[Result "1-0"]
[WhiteElo "2176"]
[BlackElo "1891"]
[PlyCount "75"]
[EventDate "2012.04.01"]
[EventType "tourn"]
[EventRounds "13"]
[EventCountry "MGL"]
[SourceTitle "EXT 2013"]
[Source "ChessBase"]
[SourceDate "2012.11.22"]
[SourceVersion "1"]
[SourceVersionDate "2012.11.22"]
[SourceQuality "1"]

1. a3 d5 2. c4 d4 3. d3 c5 4. g3 Qc7 5. Bg2 e6 6. Nf3 Bd6 7. 0-0 Ne7 8. b4 Nbc6 9. Nbd2 cxb4 10. Ne4 b6 11. Nxd6+ Qxd6 12. Bf4 Qd8 13. Ne5 Bb7 14. Qa4 Qc8 15. axb4 0-0 16. Nf3 f6 17. b5 Na5 18. Bd2 Bxf3 19. Bxf3 Nb7 20. Qa6 Rb8 21. Qxa7 Qc7 22. e3 Nc8 23. Qa3 Rd8 24. exd4 Rxd4 25. Be3 Rd8 26. Rfd1 Ncd6 27. Qa7 Nc8 28. Qa2 Ncd6 29. Bf4 e5 30. c5+ Nf7 31. cxb6 Qxb6 32. Be3 Qxb5 33. Rab1 Qa5 34. Qxa5 Nxa5 35. Bb6 Rbc8 36. Bxa5 Rd6 37. Bb4 Rb6 38. Ba3 1-0

[Event "MGL-ch (Women) 44th"]
[Site "Arvaikheer"]
[Date "2012.04.02"]
[Round "2"]
[White "Saikhanzaya, Ganbaatar"]
[Black "Badamkhand, Norovsambuu"]
[Result "0-1"]
[WhiteElo "1816"]
[BlackElo "1891"]
[PlyCount "116"]
[EventDate "2012.04.01"]
[EventType "tourn"]
[EventRounds "13"]
[EventCountry "MGL"]
[SourceTitle "EXT 2013"]
[Source "ChessBase"]
[SourceDate "2012.11.22"]
[SourceVersion "1"]
[SourceVersionDate "2012.11.22"]
[SourceQuality "1"]

1. d4 d5 2. c4 c6 3. Nf3 Nf6 4. e3 e6 5. Nc3 Be7 6. Bd3 0-0 7. 0-0 Nbd7 8. cxd5 cxd5 9. a3 a6 10. b4 b5 11. Qc2 Bb7 12. Bd2 Nb6 13. a4 Bxb4 14. axb5 axb5 15. Rxa8 Qxa8 16. Nxb5 Bxd2 17. Nxd2 Bc6 18. Rc1 Nc4 19. Nd6 Ba4 20. Qc3 Nxd6 21. Qb4 Nde4 22. Bxe4 Rb8 23. Qa3 Nxe4 24. Nf3 Be8 25. Qe7 Rb7 26. Qh4 Qb8 27. g4 Rb1 28. Rxb1 Qxb1+ 29. Kg2 f6 30. h3 Bb5 31. Nh2 Ng5 32. Qg3 Be8 33. Qd6 Nf7 34. Qe7 Ba4 35. Qc7 Qb5 36. Qe7 Qe8 37. Qc5 Bc6 38. Kg3 Ng5 39. f3 e5 40. h4 Ne6 41. Qc3 exd4 42. exd4 Qb8+ 43. Kg2 Qb6 44. Qe3 Kf7 45. Qc3 Nxd4 46. g5 Ne2 47. Qe1 Qe3 48. Qf2 Qxf2+ 49. Kxf2 Nf4 50. Ng4 Bd7 51. Ne3 Be6 52. Nc2 fxg5 53. hxg5 Nh3+ 54. Kg3 Nxg5 55. Nd4 h6 56. Nc6 Kf6 57. Kf4 Bf5 58. Nd4 Ne6+ 0-1

[Event "MGL-ch (Women)"]
[Site "Ulaanbaatar"]
[Date "2010.04.11"]
[Round "13"]
[White "Badamkhand, Norovsambuu"]
[Black "Nyamtuya, Unurjargal"]
[Result "1/2-1/2"]
[WhiteElo "1750"]
[BlackElo "1950"]
[PlyCount "95"]
[EventDate "2010.04.03"]
[EventType "tourn"]
[EventRounds "13"]
[EventCountry "MGL"]
[SourceTitle "EXT 2011"]
[Source "ChessBase"]
[SourceDate "2010.11.26"]
[SourceVersion "1"]
[SourceVersionDate "2010.11.26"]
[SourceQuality "1"]

1. d4 Nf6 2. c4 g6 3. Nc3 d5 4. cxd5 Nxd5 5. e4 Nxc3 6. bxc3 Bg7 7. Bc4 c5 8. Ne2 0-0 9. Be3 cxd4 10. cxd4 Nc6 11. Rc1 e6 12. 0-0 Kh8 13. d5 Na5 14. Bd4 Nxc4 15. Bxg7+ Kxg7 16. Qd4+ Kg8 17. Rxc4 exd5 18. exd5 b6 19. Rfc1 Ba6 20. R4c2 Bxe2 21. Rxe2 Rc8 22. Rce1 Qd6 23. Rd1 Rfd8 24. f4 Qc5 25. Qxc5 Rxc5 26. Red2 Rd6 27. Kf2 Kf8 28. Kf3 f5 29. Rd3 Ke7 30. Re1+ Kd7 31. Re5 a5 32. h3 b5 33. g4 fxg4+ 34. hxg4 b4 35. f5 g5 36. Ke3 a4 37. Rd2 b3 38. axb3 axb3 39. Rb2 Rb6 40. f6 Rc3+ 41. Kd2 Rf3 42. Re3 Rfxf6 43. Rbxb3 Rf2+ 44. Ke1 Rxb3 45. Kxf2 Rb4 46. Kf3 Kd6 47. Rd3 Rf4+ 48. Kg3 1/2-1/2

[Event "MGL-ch (Women)"]
[Site "Ulaanbaatar"]
[Date "2010.04.10"]
[Round "12"]
[White "Nomin Erdene, Davaademberel"]
[Black "Badamkhand, Norovsambuu"]
[Result "0-1"]
[WhiteElo "100"]
[BlackElo "1750"]
[PlyCount "70"]
[EventDate "2010.04.03"]
[EventType "tourn"]
[EventRounds "13"]
[EventCountry "MGL"]
[SourceTitle "EXT 2011"]
[Source "ChessBase"]
[SourceDate "2010.11.26"]
[SourceVersion "1"]
[SourceVersionDate "2010.11.26"]
[SourceQuality "1"]

1. e4 c6 2. d4 d5 3. e5 Bf5 4. h4 h6 5. Ne2 e6 6. Ng3 Ne7 7. f4 Qb6 8. Nc3 Nd7 9. Nxf5 Nxf5 10. Ne2 c5 11. c3 cxd4 12. cxd4 Bb4+ 13. Kf2 h5 14. g3 Rc8 15. Bh3 Nh6 16. a3 Be7 17. Qd3 g6 18. Be3 0-0 19. b4 Qa6 20. b5 Qb6 21. a4 Kg7 22. a5 Qc7 23. Rhc1 Qb8 24. Kg1 Rxc1+ 25. Rxc1 Rc8 26. Qd2 Rc7 27. Qb2 Qc8 28. Bd2 Rc4 29. Bc3 Qf8 30. Bd2 Qc8 31. Bc3 Qf8 32. Be1 Ba3 33. Qb1 Bxc1 34. Nxc1 Nf5 35. Bf1 Rc8 0-1

[Event "MGL-ch (Women)"]
[Site "Ulaanbaatar"]
[Date "2010.04.08"]
[Round "9"]
[White "Badamkhand, Norovsambuu"]
[Black "Tsengenbayar, Zorigt"]
[Result "1-0"]
[WhiteElo "1750"]
[BlackElo "100"]
[PlyCount "197"]
[EventDate "2010.04.03"]
[EventType "tourn"]
[EventRounds "13"]
[EventCountry "MGL"]
[SourceTitle "EXT 2011"]
[Source "ChessBase"]
[SourceDate "2010.11.26"]
[SourceVersion "1"]
[SourceVersionDate "2010.11.26"]
[SourceQuality "1"]

1. d4 Nf6 2. c4 e6 3. Nc3 Bb4 4. Qc2 0-0 5. a3 Bxc3+ 6. Qxc3 Ne4 7. Qc2 d5 8. e3 Nd7 9. Nf3 b6 10. cxd5 exd5 11. Qc6 Rb8 12. Qxd5 Bb7 13. Qa2 Ndf6 14. Be2 Ng4 15. 0-0 Ng5 16. Nxg5 Qxg5 17. Bxg4 Qxg4 18. f3 Qd7 19. b4 Rfe8 20. Bd2 Re6 21. Qb2 Rbe8 22. Rac1 h5 23. Qc2 Rc6 24. Qd3 Rg6 25. Be1 c5 26. Bg3 Qe7 27. bxc5 bxc5 28. Qb3 Ba6 29. Rfe1 h4 30. Bf4 Rb6 31. Qc3 c4 32. e4 Rb3 33. Qa1 Rxa3 34. Qb2 Rb3 35. Qa1 Bb5 36. Rb1 a6 37. Rbc1 Qd7 38. Be3 h3 39. Rc3 hxg2 40. Kxg2 Qd6 41. Rxb3 cxb3 42. Rc1 Qb4 43. Qb2 a5 44. d5 a4 45. Bc5 Qa5 46. Ba3 Bd3 47. Rc3 Qa6 48. d6 Qb5 49. Qd2 Bf1+ 50. Kf2 Bh3 51. Rd3 Bd7 52. Rc3 Rb8 53. Qb2 Qh5 54. Kg1 Rb5 55. Kh1 Rg5 56. Qf2 Qg6 57. Rd3 Qf6 58. Bb2 Qg6 59. Rd2 Ra5 60. Ba3 Qf6 61. Bb2 Qf4 62. Ba3 Rh5 63. Bb2 Ra5 64. Ba3 Qf6 65. Bb2 Qf4 66. Ba3 Qe5 67. Bb2 Qb5 68. Qg2 Qg5 69. Qxg5 Rxg5 70. Ba3 f6 71. Rg2 Rb5 72. Re2 Kf7 73. Kg2 Ke6 74. Rd2 Rb7 75. Kg3 g6 76. Bb2 Ra7 77. Ba3 Ra8 78. Kf4 Rc8 79. Ke3 Rc3+ 80. Kf2 Rc8 81. f4 Rh8 82. Ke3 Rh3+ 83. Kd4 Rf3 84. Rg2 Rxf4 85. Rxg6 Rf2 86. Rg7 Rd2+ 87. Kc3 Rc2+ 88. Kd4 Rd2+ 89. Kc3 Rc2+ 90. Kd4 Rd2+ 91. Kc3 Rc2+ 92. Kd4 Rd2+ 93. Ke3 Rxd6 94. Bxd6 Kxd6 95. Kd3 a3 96. Rg1 Ba4 97. Kc3 Ke5 98. h4 Kxe4 99. Rg4+ 1-0

[Event "MGL-ch (Women)"]
[Site "Ulaanbaatar"]
[Date "2010.04.05"]
[Round "5"]
[White "Batchimeg, Tuvshintugs"]
[Black "Badamkhand, Norovsambuu"]
[Result "1-0"]
[WhiteElo "2335"]
[BlackElo "1750"]
[PlyCount "71"]
[EventDate "2010.04.03"]
[EventType "tourn"]
[EventRounds "13"]
[EventCountry "MGL"]
[SourceTitle "EXT 2011"]
[Source "ChessBase"]
[SourceDate "2010.11.26"]
[SourceVersion "1"]
[SourceVersionDate "2010.11.26"]
[SourceQuality "1"]

1. d4 d5 2. Nf3 e6 3. c4 Nf6 4. Nc3 Be7 5. Bg5 0-0 6. e3 c6 7. Qc2 Nbd7 8. Bd3 dxc4 9. Bxc4 Nd5 10. Bxe7 Qxe7 11. a3 a5 12. 0-0 Re8 13. Rad1 Nxc3 14. Qxc3 b6 15. Bd3 Bb7 16. Qc2 h6 17. Be4 Red8 18. Rc1 Rac8 19. Qb3 Rc7 20. Rfd1 c5 21. Bxb7 Rxb7 22. h3 Nf6 23. Ne5 Qc7 24. Qb5 Rd5 25. b4 axb4 26. axb4 Qe7 27. Qa6 cxd4 28. exd4 Rd6 29. Rc8+ Kh7 30. Qa8 g6 31. Nc6 Rxc6 32. Rxc6 Ra7 33. Qb8 Rb7 34. Qe5 Nd5 35. b5 Qf6 36. Qxd5 1-0